000 00634cam a2200217 4500
001 3891
005 20181127172147.0
008 010510s2001 miu 000 1 eng
010 _a 2001033756
020 _a0825423856
100 1 _aCutrer, William,
_d1951-
245 1 0 _aDeadly cure /
_cWilliam Cutrer, Sandra Glahn.
260 _aGrand Rapids, MI :
_bKregel,
_cc2001.
300 _a363 p. ;
_c21 cm.
650 0 _aGenetic engineering
_vFiction.
650 0 _aMedical ethics
_vFiction.
650 0 _aPhysicians
_vFiction.
655 7 _aChristian fiction.
_2lcsh
655 7 _aMedical novels.
_2gsafd
700 1 _aGlahn, Sandra,
_d1958-
999 _c3171
_d3171